000 00414pab a2200157 454500
008 180718b2009 xxu||||| |||| 00| 0 eng d
100 _aRom, Mark Carl
245 _aThe credit rating agencies and the subprime mess: greedy, ignorant, and stressed
260 _c2009
300 _ap.640-50.
362 _aJul-Aug
650 _aCredit
773 _aPublic Administration Review
908 _aN
909 _a83472
999 _c83472
_d83472